The WORLD almanac and book of facts 2008

Saved in:
Bibliographic Details
Main Author: Sarah Janssen
Format: Book
Language:English
Published: World Almanac Books 2008
Tags: Add Tag
No Tags, Be the first to tag this record!

MARC

LEADER 00000nam a22000007a 4500
008 210420b ||||| |||| 00| 0 eng d
100 |a Sarah Janssen 
245 |a The WORLD almanac and book of facts 2008  |c Janssen, Sarah 
250 |b 140th  |c Sarah Janssen 
260 |b World Almanac Books  |c 2008  |h New York  |i 693759  |l AY71 .W89  |m History, Modern – 20th century  |m Almanacs, American 
500 |a “It includes index” 
942 |a lcc  |c BK  |e Mr ogunleye  |f 20/4/2021 
952 |0 0  |1 0  |2 lcc  |4 0  |6 AY0071 W89  |7 0  |9 2222  |a HOL  |b HOL  |d 2021-04-20  |l 0  |o AY71 .W89  |p 2021-6076  |r 2021-04-20 00:00:00  |w 2021-04-20  |y BK 
999 |c 1157  |d 1157